Oleiros e Olaria (Record no. 46056)

MARC details
000 -Etiqueta do registo
Valores 00377nam a2200157 4500
100 ## - Dados gerais de processamento
Dados gerais 20260427 pory50
101 ## - Língua de publicação
Língua por
102 ## - País de publicação
País PT
200 ## - Titulo e menção de responsabilidade
Título próprio Oleiros e Olaria
Título paralelo In Oleiros e Olaria
Primeira menção de responsabilidade Santos Junior
210 ## - Publicação
Local de publicação [Não identificado]
Nome do editor [Não identificado]
Data de publicação 1940
215 ## - Descrição física 
Paginação / Volumes 1 v.
675 ## - CDU
Notação 738
801 ## - Fonte de origem
País PT
Regras de catalogação RPC
990 ## - Elementos KOHA
Tipo de documento Livro
Holdings
Aquisição Empréstimo Código de barras Cota Permissão de empréstimo Tipo de documento Nota relativa ao exemplar
Fundo Local do Concelho Fundo Local do Concelho 057206 738 SAN Consulta presencial Livro fotocópia do original

Powered by Koha